000
00341nam a22001457a 4500
008
221005b ||||| |||| 00| 0 eng d
020
_a
74124615
041
_a
eng
080
_2
earlier edition
_a
615
082
_a
615
100
_a
13
101
_a
FAR
245
_a
The Pharmacological basis of therapetics
_c
GOOGMAN L
942
_2
udc
_c
BK
999
_c
58343
_d
58343